Normal view
MARC view
Entry Corporate Name
001 - CONTROL NUMBER
- control field: 982811
003 - CONTROL NUMBER IDENTIFIER
- control field:
005 - DATE AND TIME OF LATEST TRANSACTION
- control field: 20210627113530.0
008 - FIXED-LENGTH DATA ELEMENTS
- fixed length control field: 210627|| aca||aabn | a|a d
040 ## - CATALOGING SOURCE
- Original cataloging agency:
- Transcribing agency:
110 ## - HEADING--CORPORATE NAME
- Corporate name or jurisdiction name as entry element: HM50
670 ## - SOURCE DATA FOUND
- Source citation: Work cat.: ()859699: World Orchid Conference (14th : 1993, 27A : Scottish exhibition and conference centre) 982810, World orchid conference :, 1994
